Statistics for Ruth B - If By Chance Lyrics

Click here to take the quiz!

General Stats

  • This quiz has been taken 17 times
  • The average score is 295 of 339

Answer Stats

Lyrics% Correct
by
100%
chance
100%
hear
100%
her
100%
i
100%
if
100%
me
100%
a
92%
do
92%
doesn't
92%
in
92%
it
92%
my
92%
out
92%
to
92%
who
92%
with
92%
work
92%
you
92%
all
85%
always
85%
and
85%
anymore
85%
be
85%
breaks
85%
brings
85%
but
85%
cause
85%
did
85%
don't
85%
even
85%
every
85%
found
85%
have
85%
heart
85%
it's
85%
its
85%
know
85%
last
85%
memories
85%
new
85%
not
85%
of
85%
on
85%
our
85%
past
85%
put
85%
see
85%
selfish
85%
smile
85%
smmile
85%
so
85%
somebody
85%
song
85%
tears
85%
that
85%
the
85%
there
85%
time
85%
what
85%
when
85%
will
85%
wonder
85%
world
85%
you'll
85%
about
77%
ago
77%
along
77%
away
77%
been
77%
believe
77%
brush
77%
can't
77%
cried
77%
for
77%
friends
77%
future
77%
happens
77%
hope
77%
is
77%
i've
77%
long
77%
mean
77%
moved
77%
oh
77%
or
77%
room
77%
she
77%
should've
77%
sing
77%
talk
77%
tell
77%
these
77%
they
77%
way
77%
we
77%
years
77%
your
77%
too
69%
wrong
69%
apart
62%
darkest
62%
part
62%
pray
62%
wish
62%
mm
46%

Score Distribution

Percentile by Number Answered

Percent of People with Each Score

Your Score History

You have not taken this quiz